000 00513nam a2200193Ia 4500
008 160319s9999 xx 000 0 und d
020 _a9780439867979
050 _a590
050 _bW286b 1996
100 _aWarren, Elizabeth Warren.
245 _aBaby animals /
245 _cwritten by Elizabeth Warren ; illustrated by Peter Barrett.
260 _aNew York :
260 _bScholastic,
260 _c1996
300 _a46 pages :
300 _bcolor illustrations ;
440 _aI can read about.
999 _c292010
_d292010